| 000 | 01416nam a2200337 a 4500 | ||
|---|---|---|---|
| 008 | 951211s1980||||[C 0 slo c | ||
| 020 |
_c110 Kčs. _q(30000 výtl.) |
||
| 040 |
_aSNK _bslo _cSNK _eAACR2 |
||
| 041 | 1 |
_aslo _hslo |
|
| 044 |
_axo _cSK |
||
| 080 | _a796/799(100)(031) | ||
| 245 | 1 | 0 |
_aMalá encyklopédia telesnej výchovy a športu _bDejiny a teória telesnej kultúry. Odvetvia telesnej výchovy a športu. Formy masovej a rekreačnej aktivity. Športy. Významné postavy. Športové organizácie ; Jaromír Perútka, Jolana Mišurová, František Šubín, Tibor Hrabovský, Jozef Kuchta, Milan Kriššák, Peter Pospíšil, Július Psotka, Milan Richter, Karel Schubert, Ján Súkup, Ivan Urbanovič, Igor Čechvala |
| 250 | _a1., vyd. | ||
| 260 |
_aBratislava _bŠport _c1980 _eMartin _fTlačiarne SNP |
||
| 300 |
_a776 s., 115,29 AH _bTb. _c24 cm |
||
| 500 | _aSpoluvyd. Obzor, Bratislava. Opr. | ||
| 700 | 1 |
_aPerútka, Jaromír _4com |
|
| 700 | 1 |
_aMišurová, Jolana _4bkd |
|
| 700 | 1 |
_aŠubín, František _4bkd |
|
| 700 | 1 |
_aHrabovský, Tibor _4bkd |
|
| 700 | 1 |
_aKuchta, Jozef _4bkd |
|
| 700 | 1 |
_aKriššák, Milan _4bkd |
|
| 700 | 1 |
_aPospíšil, Peter _4bkd |
|
| 700 | 1 |
_aPsotka, Július _4bkd |
|
| 700 | 1 |
_aRichter, Milan _4bkd |
|
| 700 | 1 |
_aSchubert, Karel _4bkd |
|
| 700 | 1 |
_aSúkup, Ján _4bkd |
|
| 700 | 1 |
_aUrbanovič, Ivan _4bkd |
|
| 700 | 1 |
_aČechvala, Igor _4bkd |
|
| 958 | _aA | ||
| 999 |
_c15147 _d15147 |
||